|
|
|
|
| LEADER |
00000nam0a2200000 4500 |
| 001 |
222812 |
| 005 |
20231101230501.0 |
| 010 |
|
|
|a 9785941783380
|
| 035 |
|
|
|a (RuTPU)RU\TPU\book\243040
|
| 090 |
|
|
|a 222812
|
| 100 |
|
|
|a 20121002d2012 m y0rusy50 ca
|
| 101 |
0 |
|
|a rus
|
| 102 |
|
|
|a RU
|
| 105 |
|
|
|a a j 001zy
|
| 200 |
1 |
|
|a Материаловедение
|e учебник
|f С. И. Богодухов, Е. С. Козик
|
| 210 |
|
|
|a Старый Оскол
|c ТНТ
|d 2012
|
| 215 |
|
|
|a 534 с.
|c ил.
|
| 320 |
|
|
|a Библиогр.: с. 525-527.
|
| 320 |
|
|
|a Предметный указатель: с. 515-518.
|
| 320 |
|
|
|a Термины и определения: с. 519-524.
|
| 330 |
|
|
|a В учебнике рассмотрены вопросы кристаллического строения металлов, механические свойства, теория сплавов, диаграмма железо-углерод, углеродистые стали и чугуны, основы термической обработки, легированные стали и сплавы, инструментальные стали, цветные металлы и их сплавы. В разделе неметаллических материалов приведены основные свойства дерева, пластмасс, резины, лаков и красок, неорганических материаловУчебник предназначен для студентов, обучающихся по программам высшего профессионального образования по направлениям: «Машиностроение», «Конструкторско-технологическое обеспечение машиностроительных производств ».
|
| 606 |
1 |
|
|a Материаловедение
|2 stltpush
|3 (RuTPU)RU\TPU\subj\41248
|9 61053
|
| 610 |
1 |
|
|a история
|
| 610 |
1 |
|
|a металлы
|
| 610 |
1 |
|
|a пластическая деформация
|
| 610 |
1 |
|
|a свойства
|
| 610 |
1 |
|
|a материалы
|
| 610 |
1 |
|
|a конструкционная прочность
|
| 610 |
1 |
|
|a диаграммы состояний
|
| 610 |
1 |
|
|a железоуглеродистые сплавы
|
| 610 |
1 |
|
|a термическая обработка
|
| 610 |
1 |
|
|a сталь
|
| 610 |
1 |
|
|a нагрев
|
| 610 |
1 |
|
|a отпуск
|
| 610 |
1 |
|
|a технологические процессы
|
| 610 |
1 |
|
|a химико-термическая обработка
|
| 610 |
1 |
|
|a машиностроительные стали
|
| 610 |
1 |
|
|a легированные стали
|
| 610 |
1 |
|
|a инструментальные материалы
|
| 610 |
1 |
|
|a сплавы с особыми свойствами
|
| 610 |
1 |
|
|a тугоплавкие металлы
|
| 610 |
1 |
|
|a реакторные материалы
|
| 610 |
1 |
|
|a легкие металлы
|
| 610 |
1 |
|
|a медь
|
| 610 |
1 |
|
|a латуни
|
| 610 |
1 |
|
|a бронзы
|
| 610 |
1 |
|
|a антифрикционные материалы
|
| 610 |
1 |
|
|a порошковые материалы
|
| 610 |
1 |
|
|a благородные цветные сплавы
|
| 610 |
1 |
|
|a древесина
|
| 610 |
1 |
|
|a пластмассы
|
| 610 |
1 |
|
|a полимеры
|
| 610 |
1 |
|
|a резиновые материалы
|
| 610 |
1 |
|
|a лаки
|
| 610 |
1 |
|
|a клеи
|
| 610 |
1 |
|
|a герметики
|
| 610 |
1 |
|
|a неорганические конструкционные материалы
|
| 610 |
1 |
|
|a учебники
|
| 675 |
|
|
|a 620.22(075.8)
|v 3
|
| 700 |
|
1 |
|a Богодухов
|b С. И.
|g Станислав Иванович
|
| 701 |
|
1 |
|a Козик
|b Е. С.
|g Елена Станиславовна
|
| 801 |
|
1 |
|a RU
|b 63413507
|c 20121002
|
| 801 |
|
2 |
|a RU
|b 63413507
|c 20150529
|g RCR
|
| 900 |
|
|
|a Материаловедение
|
| 942 |
|
|
|c BK
|
| 959 |
|
|
|a 123/20121002
|d 2
|e 545,00
|f ЧЗТЛ:1
|f АНЛ:1
|